Ảnh hưởng của đặc điểm quản trị công ty đến mức độ công bố thông tin tự nguyện của các công ty niêm yết ở Việt Nam /

Đã lưu trong:
書目詳細資料
主要作者: Phạm Hoài Hương.
其他作者: Trần Thùy Uyên.
格式: Bài viết
語言:Vietnamese
主題:
標簽: 添加標簽
沒有標簽, 成為第一個標記此記錄!
Thư viện lưu trữ: Thư viện Trường Đại học Đà Lạt
LEADER 00790nam a2200253 4500
001 DLU190192809
005 ##20191010
040 # # |a DLU  |b vie 
041 # # |a vie 
044 # # |a vn 
100 # # |a Phạm Hoài Hương. 
245 # # |a Ảnh hưởng của đặc điểm quản trị công ty đến mức độ công bố thông tin tự nguyện của các công ty niêm yết ở Việt Nam /  |c Phạm Hoài Hương, Trần Thùy Uyên. 
653 # # |a Công bố thông tin 
653 # # |a Quản trị công ty 
700 # # |a Trần Thùy Uyên. 
773 # # |t Kinh tế và phát triển  |g Số 249, 2018, tr. 30-37 
994 # # |a DLU 
900 # # |a True 
911 # # |a Hoàng Thị Huyền 
925 # # |a G 
926 # # |a A 
927 # # |a BB 
980 # # |a Thư viện Trường Đại học Đà Lạt